LEADER 01677nam0-2200541---450- 001 990000087930203316 005 20051010094002.0 010 $a88-15-07173-3 035 $a0008793 035 $aUSA010008793 035 $a(ALEPH)000008793USA01 035 $a0008793 100 $a20000914d1999----|||y0itay0103----ba 101 0 $aita 102 $aIT 105 $a||||||||001yy 200 1 $a<> test di personalitą$einventari e questionari$fEzio Sanavio, Claudio Sica 210 $aBologna$cIl Mulino$dcopyr.1999 215 $a310 p.$d22 cm 225 2 $aAggiornamenti. Aspetti della psicologia 410 0$a12001$aAggiornamenti. Aspetti della psicologia 610 $aPersonalitįa Esame psicologico 610 $aTest psicologici 676 $a155.28 700 1$aSANAVIO,$bEzio$0143247 701 1$aSICA,$bClaudio$0280582 801 $aIT$bSALBC$gISBD 912 $a990000087930203316 951 $aII.3. Coll.5/ 9(VI ps B Coll.154/9)$b153303 L.M.$cVI ps B$d00004653 959 $aBK 979 $c20000914$lUSA01$h1740 979 $c20000919$lUSA01$h1048 979 $c20000919$lUSA01$h1521 979 $c20001019$lUSA01$h1056 979 $c20001019$lUSA01$h1454 979 $c20001019$lUSA01$h1501 979 $c20001019$lUSA01$h1539 979 $c20001024$lUSA01$h1515 979 $c20001027$lUSA01$h1519 979 $c20001027$lUSA01$h1524 979 $c20001110$lUSA01$h1710 979 $c20001124$lUSA01$h1208 979 $c20020403$lUSA01$h1616 979 $aPATRY$b90$c20040406$lUSA01$h1607 979 $aCOPAT5$b90$c20051010$lUSA01$h0940 996 $aTest di personalitą$9672404 997 $aUNISA bas $auma LEADER 01937nam 2200457 450 001 9910807696203321 005 20230803015141.0 010 $a2-8062-4455-2 035 $a(CKB)3790000000017895 035 $a(EBL)2072796 035 $a(OCoLC)912234069 035 $a(MiAaPQ)EBC2072796 035 $a(Au-PeEL)EBL2072796 035 $a(EXLCZ)993790000000017895 100 $a20200123d2013 uy 0 101 0 $afre 135 $aur|n|---||||| 181 $ctxt$2rdacontent 182 $cc$2rdamedia 183 $acr$2rdacarrier 200 12$aL'inconscient /$fdocument re?dige? par Natacha Cerf 210 1$a[Place of publication not identified] :$cLePetitLitteraire.fr,$d[2013] 210 4$d©2013 215 $a1 online resource (30 p.) 225 0 $aFiche notion 300 $aDescription based upon print version of record. 311 $a2-8062-4433-1 320 $aIncludes bibliographical references. 330 $a Devenez incollable sur la notion d'inconscient avec lePetitPhilosophe.fr !Cette fiche propose une analyse approfondie de la notion d'inconscient, avec une introduction ge?ne?rale, l'analyse des diverses approches philosophiques du concept et une synthe?se de ce qu'il faut en retenir. La fiche est comple?te?e par une liste de citations cle?s et une se?lection des principaux sujets tombe?s au bac de philo ces dernie?res anne?es en lien avec la notion. L'introduction pre?sente les principales proble?matiques qu'implique le concept d'inconscient. Ensuite, l'analyse se penche sur les approches des diffe?rents 410 0$aNotions philosophiques 606 $aTime$xPsychological aspects 615 0$aTime$xPsychological aspects. 676 $a153.753 700 $aCerf$b Natacha$0852741 801 0$bMiAaPQ 801 1$bMiAaPQ 801 2$bMiAaPQ 906 $aBOOK 912 $a9910807696203321 996 $aL'inconscient$94007759 997 $aUNINA LEADER 02631nam0 2200541 i 450 001 CFI0141380 005 20251003044125.0 010 $a8820422735 020 $aIT$b90-12276 100 $a19951215d1987 ||||0itac50 ba 101 | $aita 102 $ait 181 1$6z01$ai $bxxxe 182 1$6z01$an 183 1$6z01$anc$2RDAcarrier 200 1 $aDalle occupazioni industriali alle nuove professioni$etendenze, paradigmi e metodi per l'analisi e la progettazione di aree professionali emergenti$fFederico Butera$gcon studi di R. Bellini ... \et al.! 210 $aMilano$cF. Angeli$d\1987! 215 $a426 p.$d22 cm. 225 | $aOrganizzazione, tecnologia e societą$i. Sez. 1, Ricerche$v6 410 0$1001CFI0091814$12001 $aOrganizzazione, tecnologia e societą$i. Sez. 1, Ricerche$v6 606 $aLavoro$xDomanda e offerta$xPrevisioni$2FIR$3CFIC003691$9I 606 $aProfessioni$xItalia$2FIR$3CFIC027690$9I 606 $aLavoro$xDomanda e offerta$xPrevisioni$2FIR$3CFIC003691$9I 606 $aProfessioni$xItalia$2FIR$3CFIC027690$9I 676 $a331.12$9MERCATO DEL LAVORO$v12 676 $a331.120945$9MERCATO DEL LAVORO. ITALIA$v19 676 $a331.120945$9MERCATO DEL LAVORO. ITALIA$v20 676 $a331.120945$9MERCATO DEL LAVORO. Italia$v21 676 $a331.124$9$v19 676 $a331.1250945$9MERCATO DEL LAVORO. MANODOPERA OCCUPATA. Italia$v23 696 $aPrevisione$aDomanda$aOfferta 696 $aPrevisione$aDomanda$aOfferta 699 $aPrevisioni$zPrevisione 699 $aDomanda e offerta$xDomanda$xOfferta 699 $aPrevisioni$zPrevisione 699 $aDomanda e offerta$xDomanda$xOfferta 700 1$aButera$b, Federico$f <1940-2025>$3CFIV078200$4070 702 1$aBellini$b, Roberto$c $3SBNV099430 801 3$aIT$bIT-000000$c19951215 850 $aIT-BN0095 $aIT-NA0457 $aIT-NA0070 901 $bNAP BU$c4 B $nPropedeutica. Formato cm. 20,1-28. 901 $bNAP BI$cSALA 1 $nLibri da 1 a 960 901 $bNAP 01$cPOZZO LIB.$nVi sono collocati fondi di economia, periodici di ingegneria e scienze, periodici di economia e statistica e altri fondi comprendenti documenti di economia pervenuti in dono. 912 $aCFI0141380 950 0$aBiblioteca Centralizzata di Ateneo$c1 v.$d 01POZZO LIB.F. SANTI 285$e 0101 0060030805E VMA 1 v. (Precedente collocazione S 465)$fB $h20221110$i20221110 977 $a 01$a BI$a BU 996 $aDalle occupazioni industriali alle nuove professioni$9431091 997 $aUNISANNIO